| 000 | 00741nas a2200265 4500 | ||
|---|---|---|---|
| 001 | BR8807687 | ||
| 003 | BR-BrBNA | ||
| 005 | 20231205091422.0 | ||
| 007 | ta | ||
| 008 | 230509b bl.|||p| |||| 00| 00por d | ||
| 040 |
_aBR-BrBNA _bpor _cBiblioteca Nacional de Agricultura |
||
| 041 | _a(Pt) | ||
| 072 | _aN10; Q02; J11 | ||
| 100 | 1 | _aNovaes, V. | |
| 245 | 1 | _aAdeus as perdas das cebolas | |
| 650 | _aARMAZEM | ||
| 650 | _aARMAZENAMENTO DE ALIMENTO | ||
| 650 | _aSECADOR | ||
| 650 | _aCOMERCIALIZACAO | ||
| 650 | _aPRESERVACAO DE ALIMENTO | ||
| 650 | _aCEBOLA | ||
| 773 | 0 |
_tManchete Rural (Brazil) _xISSN 0102-8901 _g(Sep 1988), v. 2(18) p. 10-12 _wBR8807687 |
|
| 909 |
_a202311 _bLúcia _c55 _dLúcia Elande |
||
| 942 |
_2AGRIS _n0 _cANA |
||
| 999 |
_c124955 _d124955 |
||